| 000 | 00410nam a2200169Ia 4500 | ||
|---|---|---|---|
| 008 | 240822s9999 xx 000 0 und d | ||
| 020 |
_a9789350020005 _qhbk |
||
| 082 |
_a954.91 _bKHA |
||
| 100 | _aKhan | ||
| 245 | 0 | _aPakistan'S Other Story: The 1968-9 Revolution | |
| 245 | 0 | _c/ Khan | |
| 250 | _a1st edition | ||
| 260 |
_bAakar Books _c2009 |
||
| 300 | _a456 | ||
| 650 | _aPolitics | ||
| 942 | _cENGLISH | ||
| 999 |
_c532902 _d532902 |
||